Online katalóg knižníc regiónu Turca

Strašidielka (Record no. 21449)

MARC details
000 -LEADER
fixed length control field 01949cam a2200541 4500
001 - CONTROL NUMBER
control field 21449
003 - CONTROL NUMBER IDENTIFIER
control field VRT
005 - DATE AND TIME OF LATEST TRANSACTION
control field 20260302122903.0
008 - FIXED-LENGTH DATA ELEMENTS--GENERAL INFORMATION
fixed length control field 210624s2019 xo a br 000 j slo
015 ## - NATIONAL BIBLIOGRAPHY NUMBER
National bibliography number SNBA2020/02
020 ## - INTERNATIONAL STANDARD BOOK NUMBER
International Standard Book Number 9788055169422
Qualifying information (viazané)
035 ## - SYSTEM CONTROL NUMBER
System control number urn:nbn:sk:snk-am00em7c
035 ## - SYSTEM CONTROL NUMBER
System control number urn:nbn:sk:snk-am3ijie
035 ## - SYSTEM CONTROL NUMBER
System control number 088F8757-2B4A-4DAF-A6A6-586F4B1D78AC
039 #9 - LEVEL OF BIBLIOGRAPHIC CONTROL AND CODING DETAIL [OBSOLETE]
Level of rules in bibliographic description 202301121538
Level of effort used to assign nonsubject heading access points AUTHORITY
Level of effort used to assign subject headings 202106241149
Level of effort used to assign classification VLOAD
Level of effort used to assign subject headings 202102231428
Level of effort used to assign classification VLOAD
Level of effort used to assign subject headings 202102230843
Level of effort used to assign classification VLOAD
040 ## - CATALOGING SOURCE
Original cataloging agency PPPK
Language of cataloging slo
Transcribing agency PPPK
Modifying agency SNK
Description conventions rda
041 0# - LANGUAGE CODE
Language code of text/sound track or separate title slo
044 ## - COUNTRY OF PUBLISHING/PRODUCING ENTITY CODE
MARC country code xo
ISO country code SK
072 #7 - SUBJECT CATEGORY CODE
Subject category code 821.162.4-3
Subject category code subdivision Slovenská próza
Source konspekt
072 #7 - SUBJECT CATEGORY CODE
Subject category code 821-93
Subject category code subdivision Literatúra pre deti a mládež (beletria)
Source konspekt
080 ## - UNIVERSAL DECIMAL CLASSIFICATION NUMBER
Universal Decimal Classification number 821.162.4-34
Edition identifier 2011
080 ## - UNIVERSAL DECIMAL CLASSIFICATION NUMBER
Universal Decimal Classification number 82-93-053.4/.5
Edition identifier 2011
080 ## - UNIVERSAL DECIMAL CLASSIFICATION NUMBER
Universal Decimal Classification number 82-34:808.1
Edition identifier 2011
100 1# - MAIN ENTRY--PERSONAL NAME
Personal name Marčeková, Halka
Relationship aut
245 10 - TITLE STATEMENT
Title Strašidielka
Statement of responsibility, etc. Halka Marčeková ; ilustroval Jakub Cenkl
250 ## - EDITION STATEMENT
Edition statement Prvé vydanie
264 #1 - PRODUCTION, PUBLICATION, DISTRIBUTION, MANUFACTURE, AND COPYRIGHT NOTICE
Place of production, publication, distribution, manufacture Bratislava
Name of producer, publisher, distributor, manufacturer Ikar, a.s. - Stonožka
Date of production, publication, distribution, manufacture, or copyright notice 2019
300 ## - PHYSICAL DESCRIPTION
Extent 127 strán
Other physical details farebné ilustrácie
Dimensions 25 cm
336 ## - CONTENT TYPE
Content type term text
Content type code txt
Source rdacontent
336 ## - CONTENT TYPE
Content type term statický obraz
Content type code sti
Source rdacontent
337 ## - MEDIA TYPE
Media type term bez média
Media type code n
Source rdamedia
338 ## - CARRIER TYPE
Carrier type term zväzok
Carrier type code nc
Source rdacarrier
521 8# - TARGET AUDIENCE NOTE
Target audience note Pre čitateľov od 5 rokov
655 #7 - INDEX TERM--GENRE/FORM
Genre/form data or focus term slovenské rozprávky
Source of term SNKPH
655 #7 - INDEX TERM--GENRE/FORM
Genre/form data or focus term literatúra pre deti
Source of term SNKPH
655 #7 - INDEX TERM--GENRE/FORM
Genre/form data or focus term Slovak fairy tales
Source of term SNKPHeng
655 #7 - INDEX TERM--GENRE/FORM
Genre/form data or focus term Children's literature
Source of term SNKPHeng
655 #7 - INDEX TERM--GENRE/FORM
Genre/form data or focus term Author fairy tales
Source of term SNKPHeng
655 #7 - INDEX TERM--GENRE/FORM
Genre/form data or focus term autorské rozprávky
Source of term SNKPH
700 1# - ADDED ENTRY--PERSONAL NAME
Personal name Cenkl, Jakub,
Dates associated with a name 1982-
Relationship ill
910 ## - USER-OPTION DATA (OCLC)
User-option data snk
942 ## - ADDED ENTRY ELEMENTS (KOHA)
Source of classification or shelving scheme Dewey Decimal Classification
Koha item type Krásna literatúra pre deti
Suppress in OPAC No
949 ## - LOCAL PROCESSING INFORMATION (OCLC)
6 273K0649112
a svkpoB 108933
b svkpo642744
949 ## - LOCAL PROCESSING INFORMATION (OCLC)
6 270001000576733
a svkbbB 60792
b svkbbm 787475
949 ## - LOCAL PROCESSING INFORMATION (OCLC)
6 2889352198
a savukPV 29426
b savuk2019/4656
949 ## - LOCAL PROCESSING INFORMATION (OCLC)
6 17A1413848
a snkSC 187469
b snk2020/832
o 2405/19
s 6100:20200228
949 ## - LOCAL PROCESSING INFORMATION (OCLC)
6 17A1413847
a snkSC 187469 D1
b snk2020/833
o 2405/19
Holdings
Stav vyradenia Strata Poškodenie Spôsob nadobudnutia Domovská knižnica Aktuálna knižnica Dátum nadobudnutia Total checkouts Čiarový kód exemplára Date last seen Typ exemplára
      Dar Obecná knižnica Turčianska Štiavnička Obecná knižnica Turčianska Štiavnička 02.03.2026   4738000146 02.03.2026 Krásna literatúra pre deti
Projekt je podporený Slovenskou asociáciou knižníc
Prevádzkuje Turčianska knižnica Martin 2026